Anh ngữ căn bản về quản trị và tin học Basic lessons in English for use in management and informatics

Αποθηκεύτηκε σε:
Λεπτομέρειες βιβλιογραφικής εγγραφής
Κύριος συγγραφέας: Phạm Vũ Định
Μορφή: Βιβλίο
Γλώσσα:Undetermined
Έκδοση: Tp. HCM Trẻ 1997
Θέματα:
Ετικέτες: Προσθήκη ετικέτας
Δεν υπάρχουν, Καταχωρήστε ετικέτα πρώτοι!
Thư viện lưu trữ: Trung tâm Học liệu Trường Đại học Cần Thơ
LEADER 00642nam a2200205Ia 4500
001 CTU_28825
008 210402s9999 xx 000 0 und d
020 |b 11.000đ 
082 |a 428.24 
082 |b Đ312 
100 |a Phạm Vũ Định 
245 0 |a Anh ngữ căn bản về quản trị và tin học 
245 0 |b Basic lessons in English for use in management and informatics 
245 0 |c Phạm Vũ Định 
260 |a Tp. HCM 
260 |b Trẻ 
260 |c 1997 
650 |a english language - textbooks for foreign speakers 
904 |i Minh, 990305 
980 |a Trung tâm Học liệu Trường Đại học Cần Thơ